000
00298nam a22001337a 4500
003
SGT
082
_a
631.8
_b
RAN
100
_a
RANA DR SURINDER S .
245
_a
WEED MANAGEMENT
260
_a
NEW DELHI
_b
BHAVYA BOOK PUB.
_c
2023
300
_a
338
650
_a
WEED MANAGEMENT
942
_2
ddc
_c
BK
999
_c
26892
_d
26892